000 00895nam a22002297a 4500
999 _c15851
_d15851
003 MIRAKIL
005 20240401135612.0
008 240401b tu ||||| |||| 00| 0 tur d
020 _a9789751620330
040 _aTR-AnCHP
_cTR-AnCHP
041 _atur
082 _a398.2
_bT27a 2020
100 _aTaşlıova, Şeref
245 1 0 _aHalk hikâyeleri /
_cyayıma hazırlayanlar: Fikret Türkmen, Nail Tan, Mete Taşlıova
260 _aAnkara :
_bTürk Dil Kurumu,
_c2020.
300 _a603 s. :
_bfotoğ. ;
_c21 cm
490 0 _aAtatürk Kültür, Dil ve Tarih Yüksek Kurumu Türk Dil Kurumu Yayınları ;
_v931.
490 0 _aTürk Dünyası Destanlarının Tespiti, Türkiye Türkçesine Aktarılması ve Yayınlanması Projesi ;
_v27.
650 0 _96003
_aHalk edebiyatı
856 _zDijital Nüshası için Partimizin Kütüphane Sorumlusu ile iletişime geçiniz.
942 _2ddc
_cBKS